[Event "Alta Padovana op 5th"]
[Site "Loreggia"]
[Date "2005.02.25"]
[Round "1"]
[White "Boanta, Sandu"]
[Black "Gennari, Leone"]
[Result "1-0"]
[WhiteElo "1826"]
[BlackElo "2053"]
[PlyCount "55"]
[EventDate "2005.02.25"]
[EventType "swiss"]
[EventRounds "5"]
[EventCountry "ITA"]
[SourceTitle "EXT 2007"]
[Source "ChessBase"]
[SourceDate "2006.11.23"]
[SourceVersion "1"]
[SourceVersionDate "2006.11.23"]
[SourceQuality "1"]

1. d4 Nf6 2. c4 g6 3. Nc3 Bg7 4. e4 d6 5. f3 0-0 6. Be3 Nbd7 7. Nge2 c5 8. d5 Ne5 9. Ng3 Qa5 10. Qd2 a6 11. Bh6 Rb8 12. Bxg7 Kxg7 13. h4 h5 14. f4 Neg4 15. f5 Bd7 16. Be2 b5 17. Bxg4 Nxg4 18. Qg5 Nf6 19. 0-0 bxc4 20. e5 dxe5 21. Nce4 Nxe4 22. Nxe4 Qd8 23. g4 Rh8 24. f6+ Kf8 25. fxe7+ Qxe7 26. Qxg6 Rg8 27. Qh6+ Rg7 28. Nf6 1-0

[Event "Campodarsego op 16th"]
[Site "Campodarsego"]
[Date "2005.01.22"]
[Round "2"]
[White "Caruso, Augusto"]
[Black "Boanta, Sandu"]
[Result "1-0"]
[WhiteElo "2214"]
[BlackElo "1826"]
[PlyCount "97"]
[EventDate "2005.01.21"]
[EventType "swiss"]
[EventRounds "5"]
[EventCountry "ITA"]
[SourceTitle "EXT 2007"]
[Source "ChessBase"]
[SourceDate "2006.11.23"]
[SourceVersion "1"]
[SourceVersionDate "2006.11.23"]
[SourceQuality "1"]

1. Nc3 c6 2. e4 d5 3. d4 dxe4 4. Nxe4 e5 5. Nf3 Bf5 6. Qe2 Nd7 7. dxe5 Bxe4 8. Qxe4 Qe7 9. Bd3 Nh6 10. 0-0 Nc5 11. Qe2 0-0-0 12. Bg5 f6 13. exf6 Qxe2 14. Bxe2 g6 15. f7 Rd6 16. Bf4 Re6 17. Be5 Nxf7 18. Bxh8 Rxe2 19. Bc3 Na4 20. Bd4 c5 21. Rfe1 Rxe1+ 22. Rxe1 Bd6 23. Bf6 Nb6 24. Ng5 Nxg5 25. Bxg5 Kd7 26. b3 Nd5 27. c4 Nc3 28. a3 b5 29. Bf6 b4 30. Bxc3 bxc3 31. Re3 a5 32. Rxc3 Be5 33. Rd3+ Ke6 34. Rd5 Bd6 35. g3 h6 36. f4 Be7 37. Kg2 Kf6 38. Kf3 Ke6 39. Ke4 Kf6 40. Rd7 Bf8 41. Ra7 Ke6 42. Rxa5 g5 43. Ra6+ Bd6 44. f5+ Ke7 45. f6+ Kf7 46. Rxd6 Kg6 47. g4 h5 48. h3 hxg4 49. hxg4 1-0

[Event "Treviso op-B 27th"]
[Site "Treviso"]
[Date "2003.12.08"]
[Round "5.1"]
[White "Boanta, Sandu"]
[Black "Spano, Alfredo"]
[Result "1-0"]
[WhiteElo "1654"]
[BlackElo "1576"]
[PlyCount "131"]
[EventDate "2003.12.06"]
[EventType "swiss"]
[EventRounds "5"]
[EventCountry "ITA"]
[SourceTitle "EXT 2024"]
[Source "ChessBase"]
[SourceDate "2023.10.10"]
[SourceVersion "1"]
[SourceVersionDate "2023.10.10"]
[SourceQuality "1"]

1. d4 f5 2. c4 Nf6 3. Nc3 e6 4. Bg5 Be7 5. Bxf6 Bxf6 6. e4 fxe4 7. Nxe4 0-0 8. Nf3 Nc6 9. Be2 b6 10. Nxf6+ Qxf6 11. Bd3 Bb7 12. 0-0 Nb4 13. Be2 Rae8 14. a3 Nc6 15. b4 Qf4 16. Ra2 Nb8 17. Rd2 d6 18. Ne1 Nd7 19. Bf3 Bxf3 20. Nxf3 Nf6 21. Qc2 h6 22. Rd3 Qe4 23. Re1 Qb7 24. h3 Rf7 25. Rde3 Rfe7 26. Nh4 Qc8 27. Qg6 Qd7 28. Kf1 Kh8 29. b5 e5 30. Nf5 Re6 31. d5 R6e7 32. Nxe7 Rxe7 33. a4 a5 34. Kg1 Qe8 35. Qc2 g5 36. Rf3 Kg7 37. g4 Qg6 38. Rf5 Rf7 39. f3 Nd7 40. Rxf7+ Qxf7 41. Kg2 Nc5 42. h4 Qf4 43. hxg5 hxg5 44. Rh1 e4 45. Qc3+ Kg6 46. Rh8 Qxf3+ 47. Qxf3 exf3+ 48. Kxf3 Nxa4 49. Rc8 Nb2 50. Rxc7 a4 51. Rc6 a3 52. Rxd6+ Kf7 53. Rxb6 Nxc4 54. Ra6 Ke7 55. Ke4 Nd6+ 56. Kd3 Nxb5 57. Kc4 Nd6+ 58. Kb4 Nb7 59. Rxa3 Kd6 60. Kc4 Nd8 61. Kd4 Nf7 62. Ra6+ Kd7 63. Ra7+ Ke8 64. Rxf7 Kxf7 65. Ke5 Ke7 66. Kf5 1-0